Sports Quiz

Random Sports Quiz

Jujitsu belts Quiz Stats

 Plays Quiz not verified by Sporcle

Challenge
Share
Tweet
Embed
Score 0/18 Timer 10:00
0 Plays Today
% Correct
white
100%
Black
92.2%
blue
90.2%
brown
90.2%
green
86.3%
yellow
84.3%
purple
84.3%
orange
80.4%
white red stripe
25.5%
% Correct
green white stripe
23.5%
brown white stripe
23.5%
yellow white stripe
21.6%
blue white stripe
21.6%
purple white stripe
21.6%
orange white stripe
19.6%
brown 1st tab
15.7%
brown 2nd tab
15.7%
brown 3rd tab
15.7%

You're not logged in!

Compare scores with friends on all Sporcle quizzes.
Join for Free
OR
Log In

You Might Also Like...

Show Comments

Extras

Created Mar 25, 2011ReportNominate
Tags:belt

Top Quizzes Today


Score Distribution

Your Account Isn't Verified!

In order to create a playlist on Sporcle, you need to verify the email address you used during registration. Go to your Sporcle Settings to finish the process.

Report this User

Report this user for behavior that violates our Community Guidelines.

Details: